| 000 | 00936mam a2200265 a 4500 | ||
|---|---|---|---|
| 001 | 1724726 | ||
| 003 | OSt | ||
| 005 | 20210414113903.0 | ||
| 008 | 920819s1994 nyua 000 0 eng d | ||
| 020 | _a0879017236 | ||
| 035 | _a(OCoLC)34437981 | ||
| 035 | _a(OCoLC)ocm34437981 | ||
| 035 | _a(NNC)1724726 | ||
| 040 |
_aNIC _cNIC |
||
| 100 | 1 | _aKaufman, Roger T. | |
| 245 | 1 | 0 |
_aStudent guide and workbook for use with Mankiw Macroeconomics,second edition / _cRoger T. Kaufmann. |
| 246 | 1 | 4 | _aStudent guide and workbook |
| 260 |
_aNew York : _bWorth Publishers, _cc1994. |
||
| 300 |
_axvii, 337 + various pagings: _bill. _c28 cm. |
||
| 505 | _aContents: Introduction -- The Economy in the long run -- The Economy in the short run -- More on the microeconomics behind macroeconomics. | ||
| 650 | 0 |
_aMacroeconomics _xStudy and teaching. |
|
| 700 | 1 |
_aMankiw, N. Gregory. _tMacroeconomics. 2nd ed. |
|
| 942 |
_2lcc _cBK |
||
| 999 |
_c362 _d7862 |
||